[Event "ch-TUR 2013"]
[Site "Antalya TUR"]
[Date "2013.02.03"]
[Round "2.40"]
[White "Metin,O"]
[Black "Ulas,S"]
[Result "1-0"]
[WhiteElo "2021"]
[BlackElo "1799"]

1.d4 Nf6 2.c4 g6 3.g3 Bg7 4.Bg2 d6 5.Nf3 O-O 6.O-O c6 7.Nc3 Qa5 8.e4 Bg4
9.h3 Bxf3 10.Bxf3 Nfd7 11.Be3 Na6 12.a3 e5 13.b4 Qd8 14.Bg2 Nc7 15.Rc1 exd4
16.Bxd4 Ne5 17.f4 Nd7 18.Bxg7 Kxg7 19.Qxd6 Nb6 20.Qxd8 Rfxd8 21.c5 Nc4 22.Nb1 Rd4
23.Bf3 Nd2 24.Nxd2 Rxd2 25.Rfd1 Rad8 26.Kf1 Nb5 27.a4 Nc7 28.Ke1 R2d4 29.e5 Ne6
30.Bg4 Nc7 31.Ke2 h5 32.Bf3 Ne6 33.b5 Rxa4 34.Rxd8 Nxd8 35.bxc6 bxc6 36.Kd3 h4
37.gxh4 Rxf4 38.Bg4 Rb4 39.Ra1 Rb7 40.Ra6 Kf8 41.Kc4 Ke7 42.Kd4 Rc7 43.Bf3 Ke6
44.h5 gxh5 45.Bxh5 f6 46.Bg4+ Ke7 47.Ra1 Ne6+ 48.Bxe6 Kxe6 49.exf6 Kxf6 50.Ra6 Ke6
51.Ke4 Kf6 52.h4 Re7+ 53.Kf4 Rc7 54.h5 Ke6 55.Ke4 Kf6 56.h6 Re7+ 57.Kf4 Rc7
58.h7 Kg7 59.Ke5 Kxh7 60.Kd6 Rf7 61.Kxc6 Kg6 62.Kd5+ Kf5 63.c6 Rh7 64.Ra1 Kf6
65.Kd6 Rh2 66.Rxa7 Rd2+ 67.Kc7 Ke6 68.Ra8 Ke7 69.Ra3 Re2 70.Rd3 Re1 71.Rd5 Re2
72.Rb5 Re1 73.Kb7 Kd6 74.Rb2 Re7+ 75.Kb6 Re6 76.Rd2+ Ke7 77.Rd7+ Ke8 78.Rh7 Kd8
79.Kb7 Ke8 80.c7  1-0

[Event "ch-TUR 2013"]
[Site "Antalya TUR"]
[Date "2013.02.03"]
[Round "2.46"]
[White "Gurel,A"]
[Black "Bapoglu,I"]
[Result "1-0"]
[WhiteElo "1995"]
[BlackElo "1793"]

1.d4 Nf6 2.c4 g6 3.g3 Bg7 4.Bg2 d6 5.Nf3 O-O 6.O-O c6 7.Nc3 Bg4 8.h3 Bxf3
9.Bxf3 Nbd7 10.b3 e5 11.Bb2 Qe7 12.e4 exd4 13.Qxd4 Nc5 14.Rfe1 Ne6 15.Qd2 Ne8
16.Bg2 Qg5 17.Rad1 Qh5 18.Qe3 Qc5 19.Qc1 Qh5 20.Qe3 Qc5 21.Qe2 Qa5 22.Qd3 Nc5
23.Qc2 Nd7 24.a3 Qh5 25.Ne2 Bxb2 26.Qxb2 Qe5 27.Qxe5 Nxe5 28.f4 Nd7 29.e5 Rd8
30.exd6 Nef6 31.Nc3 Rfe8 32.Kf2 Kf8 33.Bf3 Rxe1 34.Kxe1 h5 35.Kf2 a5 36.Ne4 Nxe4+
37.Bxe4 Nc5 38.Bc2 b6 39.Kf3 Nb7 40.Be4 Rxd6 41.Rxd6 Nxd6 42.Bxc6 Ke7 43.g4 hxg4+
44.hxg4 f6 45.Ke3 Nc8 46.Kd4 Kd6 47.Be4 Ne7 48.Bf3 g5 49.fxg5 fxg5 50.b4 axb4
51.axb4 Ng8 52.c5+ bxc5+ 53.bxc5+ Ke7 54.Ke5 Nh6 55.c6 Nf7+ 56.Kf5 Kd6 57.Bh1 Ke7
58.Bd5 Nd8 59.Kxg5 Kd6 60.Bh1 Ke5 61.Kg6 Ne6 62.g5 Nf4+ 63.Kf7 Nh3 64.c7 Nxg5+
65.Ke7  1-0

[Event "Moscow Open B 2013"]
[Site "Moscow RUS"]
[Date "2013.02.03"]
[Round "2.8"]
[White "Fominykh,M"]
[Black "Rodionova,Polina"]
[Result "0-1"]
[WhiteElo "2284"]
[BlackElo "2093"]

1.d4 Nf6 2.Nf3 g6 3.g3 Bg7 4.Bg2 O-O 5.c4 d6 6.O-O Nc6 7.Nc3 Bd7 8.h3 Qc8
9.Kh2 e5 10.d5 Nd4 11.Ne1 Nf5 12.c5 Qe8 13.cxd6 cxd6 14.Nc2 Rc8 15.Kg1 Ba4
16.Nxa4 Qxa4 17.b3 Qa5 18.Bb2 Qc5 19.Rc1 Nxg3 20.Nd4 Qb6 21.Rxc8 Rxc8 22.fxg3 Nh5
23.g4 Ng3 24.Rf3 exd4 25.Rxg3 d3+ 26.e3 Bxb2 27.Qxd3 Qa5 28.Bf1 Qxa2 29.Rg2 Qa1
30.Rf2 a6 31.Kg2 Be5 32.Rc2 Rxc2+ 33.Qxc2 Qe1 34.Qe2 Qg3+ 35.Kh1 a5 36.Qd2 b5
37.Qe2 Kg7 38.Qd2 b4 39.Qe2 a4 40.bxa4 b3 41.Qg2 Qxe3 42.Qg1 Qf4 43.Qg2 b2
44.Bd3 Qc1+ 45.Qg1 Bd4  0-1

[Event "ch-TUR 2013"]
[Site "Antalya TUR"]
[Date "2013.02.04"]
[Round "4.15"]
[White "Ozturk,Ku"]
[Black "Gokerkan,Cem Kaan"]
[Result "1/2-1/2"]
[WhiteElo "2281"]
[BlackElo "1908"]

1.d4 Nf6 2.c4 g6 3.g3 Bg7 4.Bg2 O-O 5.Nf3 d6 6.Nc3 Nbd7 7.O-O e5 8.e4 a6
9.h3 b5 10.cxb5 axb5 11.Re1 b4 12.Nb1 Bb7 13.Nbd2 c5 14.d5 Nb6 15.b3 Ba6
16.a4 bxa3 17.Rxa3 Bd3 18.Re3 Bb5 19.Qc2 Bh6 20.Re1 Qc7 21.Bf1 Bxf1 22.Nxf1 Bxc1
23.Rxa8 Rxa8 24.Rxc1 Qd7 25.Kg2 Qb5 26.Ne3 Ra3 27.Nd2 Qa6 28.Nec4 Ra2 29.Qd3 Kg7
30.Rc2 Rxc2 31.Qxc2 Nxc4 32.Nxc4 Kf8 33.Qd3 Ke7 34.Qe3 Qa1 35.Qg5 h6 36.Qxh6 Qe1
37.Ne3 Nxe4 38.Qh4+ Nf6 39.Qg5 Qb1 40.Ng4 Qe4+ 41.Kh2 Qf3 42.Kg1 Qd1+ 43.Kh2 Qf3
44.Kg1 Qd1+ 45.Kh2 Qf3 46.Kg1  1/2-1/2

[Event "35th Georgi Tringov Open"]
[Site "Plovdiv BUL"]
[Date "2013.02.04"]
[Round "2.18"]
[White "Rombaldoni,Ax"]
[Black "Koroglou,V"]
[Result "1-0"]
[WhiteElo "2472"]
[BlackElo "2046"]

1.d4 Nf6 2.c4 g6 3.Nf3 Bg7 4.g3 O-O 5.Bg2 d6 6.O-O a6 7.Nc3 Nc6 8.b3 Rb8
9.Bb2 b5 10.cxb5 axb5 11.Rc1 Bd7 12.Ne1 Ne8 13.e3 e6 14.Nd3 Ne7 15.Qd2 Rb6
16.Rc2 Qb8 17.a3 Bc6 18.Bxc6 Nxc6 19.Nxb5 Ne7 20.a4 c6 21.Na3 Rxb3 22.Nc4 Nf6
23.Rfc1 Qc7 24.Qe2 Ra8 25.Ra1 Ned5 26.a5 Nd7 27.e4 Ne7 28.Ra2 Nc8 29.Rc1 Qb7
30.Qc2 Ra6 31.Bc3 Bf8 32.Nb4 Rxc3 33.Qxc3 Ra8 34.a6 Qc7 35.Nd3 Bh6 36.Rb1 Ra7
37.Qa5  1-0

[Event "Asian Zonal 3.2 w 2013"]
[Site "Thulhiriya City PHI"]
[Date "2013.02.05"]
[Round "4.5"]
[White "Kulatunga,Dinithi"]
[Black "Jayathilake,M"]
[Result "0-1"]
[WhiteElo "1528"]
[BlackElo "1605"]

1.d4 Nf6 2.Nf3 d6 3.c4 g6 4.g3 Bg7 5.Bg2 O-O 6.O-O a5 7.Nc3 Nc6 8.a3 e5 9.d5 Ne7
10.e4 Nh5 11.Nd2 f5 12.exf5 Bxf5 13.g4 Nf4 14.gxf5 gxf5 15.Nf3 Neg6 16.Ne2 Nxg2
17.Kxg2 e4 18.Nfd4 Qh4 19.Ne6 Be5 20.Rh1 Qg4+ 21.Kf1 Qf3 22.Nxf8 Qxh1+ 23.Ng1 Rxf8
24.h3 Bh2 25.Ke2 Qxg1 26.Qxg1 Bxg1 27.Bh6 Bh2 28.Bxf8 Kxf8 29.Rh1 Bf4 30.b4 axb4
31.axb4 Ke7 32.Ra1 Kd7 33.Ra7 b6 34.Ra3 Ne5 35.Rc3 Nd3 36.b5 Be5 37.Ra3 Nb2
38.Ra8 Nxc4 39.Rf8 f4 40.Rf7+ Kc8 41.Rxh7 Na3 42.h4 Nxb5 43.h5 Nc3+ 44.Kd2 Nxd5
45.h6 e3+ 46.fxe3 fxe3+ 47.Ke2 Bd4 48.Rf7 b5 49.h7 b4 50.Rf3 Nc3+ 51.Ke1 b3
52.Rf8+ Kb7 53.h8=Q Bxh8 54.Rxh8 b2 55.Re8 b1=Q+  0-1

[Event "ch-TUR 2013"]
[Site "Antalya TUR"]
[Date "2013.02.06"]
[Round "7.3"]
[White "Esen,B"]
[Black "Can,E"]
[Result "1/2-1/2"]
[WhiteElo "2565"]
[BlackElo "2460"]

1.d4 g6 2.Nf3 Bg7 3.c4 Nf6 4.g3 O-O 5.Bg2 d6 6.O-O Nc6 7.Nc3 Bf5 8.d5 Na5
9.Nd2 c6 10.b4 Nxc4 11.Nxc4 Nxd5 12.Nxd5 Bxa1 13.Bh6 Bg7 14.Bxg7 Kxg7 15.Nde3 Be6
16.Na5 Qb6 17.Qd2 Rad8 18.Nec4 Bxc4 19.Nxc4 Qb5 20.Rc1 Kg8 21.e3 d5 22.Na5 Qb6
23.Nb3 Rfe8 24.Bf1 e5 25.a4 a6 26.Qc3 Re7 27.Bd3 Qa7 28.Re1 Qb8 29.Qc5 Qd6
30.Qb6 Qc7 31.a5 f5 32.Rd1 Kf7 33.Qc5 Qd6 34.Qc3 Qf6 35.Bf1 Kg7 36.Nc5 Rd6
37.f4 exf4 38.Qxf6+ Rxf6 39.gxf4 Kf8 40.Kf2 Ke8 41.h4 h5 42.Ke2 Kd8 43.Kd3 Kc7
44.Kd4 Rf8 45.Bd3 Rf6 46.Rg1 Re8 47.Be2 Re7 48.Bf3 Kd6 49.Nd3 Ree6 50.Ne5 Kc7
51.Kc5 Rd6 52.Rg2 Rde6 53.Rg3 Rd6 54.Rg1 Rde6 55.Bd1 Rd6 56.Bb3 Rde6 57.Rg2 Rd6
58.Rc2 Rf8 59.Rc1 Rff6 60.Kd4 Rf8 61.Bd1 Rff6 62.Be2 Kb8 63.Bf3 Kc7 64.Ra1 Rf8
65.Ra2 Rff6 66.Ra3 Rf8 67.Kc5 Rff6 68.Ra2 Rf8 69.Bh1 Rff6 70.Bg2 Rf8 71.Bh1 Rff6
72.Ra3 Rf8 73.Bg2 Rff6 74.Ra1 Rf8 75.Bf3 Rff6 76.Ra2 Rf8 77.Ra1 Rff6 78.Rb1 Rf8
79.Bg2 Rff6 80.Bh1 Rf8 81.Bg2 Rff6 82.Rb3 Rf8 83.Bh1 Rff6 84.Bg2 Rf8 85.Rd3 Rff6
86.Bh1 Rfe6 87.Bg2 Rf6 88.Bh3 Rf8 89.Bf1 Rff6 90.Rd2 Rf8 91.Bg2 Rff6 92.Ra2 Rf8  1/2-1/2

[Event "Asian Zonal 3.2 2013"]
[Site "Thulhiriya City PHI"]
[Date "2013.02.06"]
[Round "6.3"]
[White "Weerawardane,R"]
[Black "Gunaratne,Mojitha Sathsara"]
[Result "1-0"]
[WhiteElo "2106"]
[BlackElo "1700"]

1.d4 Nf6 2.Nf3 g6 3.g3 Bg7 4.Bg2 O-O 5.c4 d6 6.O-O Nbd7 7.Nc3 e5 8.e4 Re8
9.d5 Ng4 10.Ne1 f5 11.f3 Nh6 12.Nd3 Nf7 13.Be3 Nf6 14.Kh1 g5 15.exf5 Bxf5
16.Ne4 h6 17.Ndf2 Qd7 18.b4 a5 19.a3 b6 20.Bd2 axb4 21.axb4 b5 22.Qe2 Reb8
23.Bc3 bxc4 24.Qxc4 Rxa1 25.Rxa1 Qb5 26.Qxb5 Rxb5 27.Ra8+ Kh7 28.Nxf6+ Bxf6
29.Bf1 Rb7 30.Ba6 Rb6 31.b5 Bc2 32.Ba5 Bb3 33.Ne4 Kg7 34.Bxb6 Bxd5 35.Ra7 cxb6
36.Bb7 Bc4 37.Bc6 d5 38.Nd6  1-0

[Event "Asian Zonal 3.2 2013"]
[Site "Thulhiriya City PHI"]
[Date "2013.02.07"]
[Round "7.3"]
[White "Rahman,Zia"]
[Black "Kurukulasuriya,P"]
[Result "1-0"]
[WhiteElo "2505"]
[BlackElo "2071"]

1.d4 Nf6 2.Nf3 g6 3.c4 Bg7 4.g3 O-O 5.Bg2 d6 6.O-O Nbd7 7.Nc3 e5 8.e4 Re8
9.d5 Nc5 10.Ne1 a5 11.Nd3 Nfd7 12.Be3 b6 13.Kh1 Nxd3 14.Qxd3 Nc5 15.Qd2 Bd7
16.Rab1 f5 17.f3 Rf8 18.Ne2 Rf7 19.b3 Qf8 20.Kg1 h6 21.Rbd1 Kh7 22.exf5 Bxf5
23.Bxc5 bxc5 24.g4 Bd7 25.h3 Bf6 26.f4 exf4 27.Rxf4 Bg5 28.Rxf7+ Qxf7 29.Qd3 Rf8
30.Rf1 Qe7 31.Rxf8 Qxf8 32.Be4 Qf6 33.Kg2 Kg7 34.Ng1 Bf4 35.Ne2 Bg5 36.Qc3 Qxc3
37.Nxc3 Bf6 38.Ne2 Be5 39.Nc1 h5 40.gxh5 gxh5 41.Nd3 Kf6 42.h4 Bf4 43.Nf2 Bf5
44.Bf3 Bc1 45.Bxh5 Bb1 46.Ne4+  1-0

[Event "ch-TUR 2013"]
[Site "Antalya TUR"]
[Date "2013.02.08"]
[Round "10.14"]
[White "Dogan,A"]
[Black "Eden,Y"]
[Result "1-0"]
[WhiteElo "2166"]
[BlackElo "1839"]

1.d4 Nf6 2.c4 g6 3.g3 Bg7 4.Bg2 d6 5.Nf3 O-O 6.O-O Nbd7 7.Nc3 Re8 8.e4 e5
9.h3 c6 10.Re1 exd4 11.Nxd4 Qb6 12.Re2 Nc5 13.Be3 Qc7 14.Qc2 a5 15.Rd1 Nfd7
16.b3 Nf8 17.Red2 Be6 18.Nxe6 Rxe6 19.Bd4 Bh6 20.f4 Ree8 21.Bf2 Nce6 22.Rxd6 Rad8
23.Rxd8 Rxd8 24.Rxd8 Qxd8 25.Qd1 Qxd1+ 26.Nxd1 Nd7 27.Kf1 b5 28.cxb5 cxb5
29.Nc3 b4 30.Nd5 Bf8 31.Ke2 Nec5 32.Bd4 h5 33.Ke3 Ne6 34.Bf1 Bd6 35.Bb5 Ndc5
36.Bb2 Kf8 37.Bf6 Bb8 38.Be7+ Kg7 39.f5 Ba7 40.fxe6 fxe6 41.Nf4 Nxb3+ 42.Kd3 Nc1+
43.Kc2 Nxa2 44.Ne2 Bb8 45.Bd8 Nc3 46.Nxc3 bxc3 47.g4 hxg4 48.hxg4 Kh6 49.Kxc3 Be5+
50.Kc4 Bd6 51.Bd7 e5 52.Kd5 Bb8 53.Ba4 Kg7 54.Bxa5 Kf7 55.Bd8  1-0

[Event "ch-TUR 2013"]
[Site "Antalya TUR"]
[Date "2013.02.08"]
[Round "10.40"]
[White "Soylemez,C"]
[Black "Keser,M"]
[Result "0-1"]
[WhiteElo "1966"]
[BlackElo "1796"]

1.d4 Nf6 2.c4 g6 3.Nf3 Bg7 4.g3 O-O 5.Bg2 d6 6.O-O c6 7.Nc3 Nbd7 8.e4 e5
9.h3 Ne8 10.Be3 f5 11.Qd2 Nb6 12.b3 fxe4 13.Nxe4 d5 14.dxe5 Bxh3 15.Bxh3 dxe4
16.Qxd8 Rxd8 17.Be6+ Kh8 18.Ng5 Bxe5 19.Rac1 Kg7 20.Bg4 Nc7 21.Nxe4 h5 22.Be2 Rde8
23.Bc5 Rf7 24.Bd3 Rd7 25.Rfd1 Red8 26.Be2 Ne6 27.Rxd7+ Rxd7 28.Ba3 a5 29.Kg2 Nc8
30.c5 Na7 31.Bc4 Nc7 32.f4 Nab5 33.fxe5 Nxa3 34.Nd6 Nxc4 35.Rxc4 Na6 36.a3 Re7
37.Kf3 Kh6 38.Kf4 Nc7 39.Ke4 Nd5 40.Kd4 Kg5 41.Ne4+ Kg4 42.Ra4 g5 43.Rxa5 h4
44.gxh4 gxh4 45.Ra8 Rg7 46.Rh8 Nf4 47.Nf6+ Kg3 48.Ke4 Rg5 49.Rh7 h3 50.Kd4 Ne6+
51.Ke4 Nxc5+ 52.Kd4 Ne6+ 53.Ke4 h2 54.Nh5+ Kg2 55.Nf4+ Nxf4 56.Kxf4 Rg8 57.e6 h1=Q
58.Rxh1 Kxh1 59.Ke5 Rg3 60.e7 Rxb3 61.Kd6 Re3 62.Kd7 c5 63.e8=Q Rxe8 64.Kxe8 c4
65.Kd7 c3 66.Kc7 c2 67.Kxb7 c1=Q 68.a4 Qa3  0-1

[Event "73rd Noteboom Mem"]
[Site "Leiden NED"]
[Date "2013.02.09"]
[Round "4.37"]
[White "Ypma,P"]
[Black "Hachijan,A"]
[Result "0-1"]
[WhiteElo "2157"]
[BlackElo "2213"]

1.d4 Nf6 2.c4 g6 3.g3 Bg7 4.Bg2 O-O 5.Nf3 d6 6.Nc3 Nbd7 7.e4 e5 8.d5 Nc5
9.Qc2 a5 10.O-O c6 11.Be3 cxd5 12.cxd5 b6 13.a3 a4 14.Bxc5 bxc5 15.Nxa4 Qa5
16.Nc3 Ba6 17.Rfb1 c4 18.Bh3 Ra7 19.Re1 Rb8 20.Na2 Qc5 21.Nb4 Bb5 22.Qc3 Nxe4
23.Rxe4 f5 24.Ng5 fxe4 25.Nxe4 Qb6 26.Be6+ Kh8 27.Qd2 Qd4 28.Qxd4 exd4 29.Nxd6 d3
30.Nxb5 Rxb5 31.d6 Rxb4 32.d7 Bf6  0-1

[Event "17th Lienz Open 2013"]
[Site "Lienz AUT"]
[Date "2013.02.09"]
[Round "1.29"]
[White "Jenul,R"]
[Black "Tarmastin,Laura"]
[Result "1-0"]
[WhiteElo "2068"]
[BlackElo "1736"]

1.Nf3 Nf6 2.g3 g6 3.Bg2 Bg7 4.c4 d6 5.d4 O-O 6.Nc3 Na6 7.O-O c5 8.h3 Nc7
9.e4 cxd4 10.Nxd4 Ne6 11.Be3 Bd7 12.Kh2 Rc8 13.b3 a6 14.e5 dxe5 15.Nxe6 Bxe6
16.Qxd8 Rcxd8 17.Bxb7 Rd3 18.Na4 Bc8 19.Nc5 Rd6 20.Rad1 Bxb7 21.Rxd6 exd6
22.Nxb7 Ne8 23.Rd1 f5 24.Nxd6 Nc7 25.Nb7 Rb8 26.Nc5 Bf8 27.Rd7 Rc8 28.Na4 Ne6
29.Nb6 Rc6 30.Nd5 Bg7 31.Ne7+  1-0

[Event "Novy Bor Open A 2013"]
[Site "Novy Bor CZE"]
[Date "2013.02.09"]
[Round "1"]
[White "Machan,J"]
[Black "von Keyserlingk,Chanda"]
[Result "1-0"]
[WhiteElo "2094"]
[BlackElo "1730"]

1.d4 Nf6 2.Nf3 g6 3.c4 Bg7 4.g3 O-O 5.Bg2 d6 6.Nc3 Bd7 7.O-O Qc8 8.Re1 Bh3
9.Bh1 c6 10.b3 Na6 11.Bb2 Nc7 12.e4 Nh5 13.Ng5 Bg4 14.f3 Bd7 15.f4 h6 16.Nf3 Bh3
17.e5 Ne6 18.Ne4 dxe5 19.fxe5 f6 20.Nf2 Ng5 21.Nxg5 fxg5 22.Nxh3 Qxh3 23.Bg2 Qd7
24.Be4 Kh7 25.Qxh5  1-0

[Event "TCh-LTU 2013"]
[Site "Taujenai LTU"]
[Date "2013.02.09"]
[Round "3.2"]
[White "Mickevicius,J"]
[Black "Germanavicius,S"]
[Result "0-1"]
[WhiteElo "2343"]
[BlackElo "2374"]

1.d4 Nf6 2.c4 g6 3.g3 Bg7 4.Bg2 O-O 5.Nf3 d6 6.O-O Nc6 7.Nc3 Bf5 8.d5 Na5
9.Nd2 c5 10.e4 Bd7 11.Qc2 a6 12.b3 b5 13.Bb2 Rb8 14.Rab1 e6 15.Rfe1 Re8 16.Ne2 Qc7
17.Nf4 exd5 18.cxd5 Rbc8 19.Rbc1 Qb6 20.h3 c4 21.b4 c3 22.Bxc3 Ng4 23.hxg4 Bxc3
24.bxa5 Qxa5 25.Nb3 Bxe1 26.Nxa5 Rxc2 27.Rxe1 Rxa2 28.Nb7 b4 29.Nxd6 Rb8
30.e5 b3 31.Be4 b2 32.Bb1 Ra1 33.e6 fxe6 34.dxe6 Bxe6 35.Nxe6 Rb6 36.Ne4 Rxe6
37.g5 Rxe4  0-1

[Event "e2e4 Torquay Open"]
[Site "Torquay ENG"]
[Date "2013.02.10"]
[Round "4"]
[White "Therrien,A"]
[Black "Ledger,D"]
[Result "0-1"]
[WhiteElo "2258"]
[BlackElo "2254"]

1.d4 Nf6 2.c4 g6 3.Nf3 Bg7 4.g3 O-O 5.Bg2 d6 6.O-O c6 7.Nc3 Qa5 8.e4 e5 9.d5 cxd5
10.Nxd5 Nxd5 11.Qxd5 Qxd5 12.cxd5 Bd7 13.Be3 Na6 14.Nd2 Rfc8 15.Rfc1 Nb4
16.Rxc8+ Rxc8 17.Bxa7 Bh6 18.Nf1 Nc2 19.Rb1 Kf8 20.Bb6 Ra8 21.a3 Ke7 22.Bf3 Ra6
23.Be3 Bxe3 24.fxe3 Rb6 25.Nd2 Nxe3 26.Kf2 Nc2 27.Be2 Nd4 28.Bf1 f5 29.b4 fxe4
30.Nxe4 Bf5 31.Bd3 Bxe4 32.Bxe4 Ra6 33.Ra1 Nb5 34.Bd3 Rxa3 35.Rxa3 Nxa3 36.h4 Kf6
37.Kf3 b5 38.g4 h6 39.Ke3 Nc4+ 40.Kf3 g5 41.h5 Nb6 42.Ke4 Na4 43.Kf3 Nc3
44.Be4 Na2 45.Bd3 Nxb4 46.Bxb5 Nxd5  0-1

[Event "17th Lienz Open 2013"]
[Site "Lienz AUT"]
[Date "2013.02.12"]
[Round "5.21"]
[White "Jenul,R"]
[Black "Pruell,L"]
[Result "1-0"]
[WhiteElo "2068"]
[BlackElo "1915"]

1.Nf3 Nf6 2.g3 g6 3.Bg2 Bg7 4.d4 O-O 5.c4 d6 6.Nc3 c6 7.O-O Qa5 8.h3 Be6
9.Qd3 Qb4 10.Nd2 d5 11.cxd5 Nxd5 12.e3 Na6 13.a3 Qd6 14.b4 Nxc3 15.Qxc3 Qd7
16.Kh2 c5 17.bxc5 Rac8 18.Qa5 Rxc5 19.dxc5 Bxa1 20.c6 Qd3 21.Be4 Bc3 22.Bxd3 Bxa5
23.cxb7 Nc5 24.Nc4 Bc3 25.Be2 Nxb7 26.e4 Rc8 27.Ne3 Rd8 28.Rd1 Rxd1 29.Nxd1 Bd4
30.Be3 Bc5 31.f3 Bb3 32.Bxc5 Bxd1 33.Bxd1 Nxc5 34.Bc2 e5 35.Kg2 Kf8 36.Kf2 Ke7
37.Ke3 Kd6 38.Kd2 Ne6 39.h4 Nd4 40.Bd1 Nb5 41.a4 Nd4 42.Kc3 Kc5 43.f4 exf4
44.gxf4 h5 45.Kd3 f5 46.e5 Ne6 47.Ke3 Nc7 48.Bb3 Kb4 49.Bf7 Kxa4 50.Bxg6 Nd5+
51.Kf3 Ne7 52.Bxh5 Kb5 53.Bf7 a5 54.h5 a4 55.h6 a3 56.h7 a2 57.Bxa2 Ng6 58.Be6  1-0

[Event "17th Lienz Open 2013"]
[Site "Lienz AUT"]
[Date "2013.02.15"]
[Round "8.13"]
[White "Piotraschke,J"]
[Black "Karall,L"]
[Result "1-0"]
[WhiteElo "2138"]
[BlackElo "1984"]

1.d4 Nf6 2.Nf3 d6 3.c4 g6 4.g3 Bg7 5.Bg2 O-O 6.O-O c6 7.Nc3 Qc7 8.h3 e5 9.e4 Re8
10.Re1 b6 11.Be3 h6 12.Qd2 Kh7 13.Rac1 a6 14.b4 Bb7 15.Qc2 Nbd7 16.dxe5 dxe5
17.c5 bxc5 18.bxc5 Nf8 19.Nd2 Ne6 20.Nc4 Bf8 21.Na4 Rad8 22.Red1 Nd4 23.Qb2 Nb5
24.Rxd8 Qxd8 25.Nab6 Nd4 26.Nxe5 Ne2+ 27.Qxe2 Rxe5 28.Nc4 Re6 29.Rd1 Qe8
30.Qb2 Bc8 31.e5 Nh5 32.Qb6 Be7 33.Qc7 Ng7 34.Nb6 Nf5 35.Qxc8 Qxc8 36.Nxc8 Nxe3
37.fxe3 Bxc5 38.Nd6 Bxe3+ 39.Kh2 Kg7 40.Nc4 Bc5 41.h4 Be7 42.Bh3 f5 43.Rd7 Kf8
44.h5 Bc5 45.hxg6 Rxg6 46.Bxf5 Rg5 47.g4 h5 48.Kg3 hxg4 49.Bxg4 Ke8 50.Rc7 Bd4
51.Rxc6 a5 52.Kf4 Rg7 53.Rc8+ Kf7 54.Nd6+  1-0

[Event "e2e4 Brighton Masters 2013"]
[Site "Brighton ENG"]
[Date "2013.02.16"]
[Round "1"]
[White "Cherniaev,A1"]
[Black "Wallace,P"]
[Result "1/2-1/2"]
[WhiteElo "2441"]
[BlackElo "2195"]

1.Nf3 Nf6 2.c4 g6 3.d4 Bg7 4.g3 O-O 5.Bg2 d6 6.O-O Nbd7 7.Nc3 c6 8.e4 e5
9.Rb1 a5 10.b3 a4 11.dxe5 dxe5 12.b4 Nb6 13.c5 Nc4 14.Qc2 b5 15.cxb6 Nxb6
16.Nxe5 Qe8 17.Nd3 Ba6 18.Re1 Ng4 19.h3 Bxd3 20.Qxd3 Ne5 21.Qc2 Nec4 22.Nd1 Qe6
23.Ne3 a3 24.Bf1 Nb2 25.Bxb2 axb2 26.Nc4 Nxc4 27.Bxc4 Qd6 28.Qb3 c5 29.b5 Bd4
30.Kg2 Qb6 31.h4 h5 32.Re2 Kg7 33.Bd5 Ra7 34.Rc2 Rb8 35.a4 Qa5 36.Rbxb2 Qxa4
37.Rb1 Qxb3 38.Rxb3 Rb6 39.Rb1 Ra3 40.Bc4 Ra4 41.Bf1 Kf6 42.Rd1 Ke5 43.Bd3 Ra3
44.Bc4 f6 45.Bd3 g5 46.hxg5 fxg5 47.Rdd2 h4 48.Rd1 hxg3 49.fxg3 Rf6 50.Rcd2 g4
51.Rb1  1/2-1/2

[Event "17th Lienz Open 2013"]
[Site "Lienz AUT"]
[Date "2013.02.16"]
[Round "9.7"]
[White "Hartl,D"]
[Black "Aliyev,Ravan"]
[Result "0-1"]
[WhiteElo "2275"]
[BlackElo "1843"]

1.Nf3 g6 2.g3 Bg7 3.d4 d6 4.Bg2 Nf6 5.c4 O-O 6.Nc3 Nbd7 7.O-O e5 8.e4 exd4
9.Nxd4 a5 10.h3 Nc5 11.Re1 Re8 12.b3 Ne6 13.Nc2 Bd7 14.Rb1 Nc5 15.Nd4 Ne6
16.Nxe6 Bxe6 17.Bb2 Nd7 18.Qc2 Nc5 19.a3 Qd7 20.Kh2 h6 21.b4 axb4 22.axb4 Na4
23.Nxa4 Qxa4 24.Qxa4 Rxa4 25.Bxg7 Kxg7 26.Rec1 Ra2 27.Kg1 Rea8 28.e5 dxe5
29.Bxb7 R8a3 30.c5 Bf5 31.b5 Bxb1 32.Rxb1 Ra1 33.Rxa1 Rxa1+ 34.Kg2 Rc1 35.c6 Rb1
36.Ba6 Rb3 37.Kf1 Kf6 38.Ke2 Ke7 39.Kd2 Kd6 40.f4 exf4 41.gxf4 Kc5 42.h4 Rxb5  0-1

[Event "ch-ROU 2013"]
[Site "Baile Olanesti ROU"]
[Date "2013.02.17"]
[Round "2.3"]
[White "Toma,Ra"]
[Black "Nevednichy,V"]
[Result "1/2-1/2"]
[WhiteElo "2219"]
[BlackElo "2542"]

1.d4 Nf6 2.Nf3 g6 3.g3 Bg7 4.Bg2 O-O 5.c4 d6 6.O-O c6 7.Nc3 Qa5 8.Bd2 Qa6
9.b3 Bf5 10.e3 Ne4 11.Nxe4 Bxe4 12.Qe2 c5 13.Bc3 Nc6 14.Qb2 cxd4 15.Nxd4 Bxg2
16.Kxg2 Nxd4 17.Bxd4 Qc6+ 18.f3 Bxd4 19.Qxd4 a5 20.a4 Ra6 21.Rad1 Rb6 22.Rd3 Rb4
23.e4 Qb6 24.Qxb6 Rxb6 25.Re1 f6 26.Ree3 Rc8 27.Rd5 Rc5 28.Rxc5 dxc5 29.Rd3 Kf7
30.Kf2 Ke6 31.Ke3 Rc6 32.Rd5 Rb6 33.Rd3 Rc6 34.Rd5  1/2-1/2

[Event "e2e4 Brighton Masters 2013"]
[Site "Brighton ENG"]
[Date "2013.02.17"]
[Round "2"]
[White "Arkell,K"]
[Black "Kirk,Ez"]
[Result "1/2-1/2"]
[WhiteElo "2472"]
[BlackElo "2271"]

1.d4 Nf6 2.Nf3 g6 3.c4 Bg7 4.g3 O-O 5.Bg2 d6 6.O-O Nc6 7.Nc3 a6 8.b3 Rb8
9.Bb2 b5 10.cxb5 axb5 11.Rc1 Bd7 12.d5 Na5 13.Nd4 e5 14.Nc2 Bh6 15.e3 b4
16.Ne4 Nxe4 17.Bxe4 Nb7 18.Nxb4 Nc5 19.Rxc5 dxc5 20.Nd3 c4 21.Nxe5 cxb3 22.axb3 Bg7
23.Bg2 Bb5 24.Re1 Qe7 25.Qd4 Qd6 26.f4 Bd7 27.Qc4 Bb5 28.Qc2 f6 29.Nc4 Bxc4
30.Qxc4 f5 31.Bxg7 Kxg7 32.Rc1 Rf7 33.Bf1 Re7 34.Qd4+ Qf6 35.Qxf6+ Kxf6 36.Rc6+ Kg7
37.Rc3 Ra8 38.Kf2 Ra2+ 39.Be2 h6 40.h4 Rb2 41.Kf3 g5 42.hxg5 hxg5 43.fxg5 Kg6
44.Bd3 Kxg5  1/2-1/2

[Event "ch-ROU 2013"]
[Site "Baile Olanesti ROU"]
[Date "2013.02.18"]
[Round "3.23"]
[White "Doncea,V"]
[Black "Georgescu,I"]
[Result "1-0"]
[WhiteElo "2431"]
[BlackElo "1992"]

1.d4 Nf6 2.c4 g6 3.g3 Bg7 4.Bg2 O-O 5.Nf3 d6 6.O-O Nc6 7.d5 Na5 8.Qa4 c5
9.Bd2 b6 10.Bxa5 bxa5 11.Nc3 Rb8 12.Qc2 e6 13.dxe6 Bxe6 14.Rad1 Bxc4 15.Ne5 Bb5
16.a4 Bd7 17.Rxd6 Bxa4 18.Qd2 Qe8 19.Nd3 Rc8 20.Ra1 Bc6 21.Rxc6 Rxc6 22.Bxc6 Qxc6
23.Rxa5 c4 24.Nf4 Qc7 25.Ra6 Rd8 26.Rxa7 Rxd2 27.Rxc7 Rxb2 28.Rc8+ Bf8 29.Rxc4 Bd6
30.Rd4 Be5 31.Rd8+ Kg7 32.Nd1 Ra2 33.Kf1 Bxf4 34.gxf4 Ra4 35.e3 Ra2 36.Rd4 Ra5
37.Nc3 Rh5 38.Kg2 Rc5 39.Nd1 Rc1 40.h3 Ra1 41.Nc3 Ra3 42.Ne2 Nh5 43.Rc4 Ra7
44.Nd4 Nf6 45.Nf3 Nd5 46.Ne5 f5 47.Rc2 h6 48.Rc6 Nf6 49.Rc2 Rb7 50.Kf3 Ra7
51.Ke2 Rb7 52.Kd3 Ne4 53.f3 Nf6 54.Rg2 Ng8 55.Rxg6+ Kh7 56.Rd6 Rb3+ 57.Kc4 Rxe3  1-0

[Event "e2e4 Brighton Masters 2013"]
[Site "Brighton ENG"]
[Date "2013.02.18"]
[Round "4"]
[White "Arkell,K"]
[Black "Eggleston,D"]
[Result "1/2-1/2"]
[WhiteElo "2472"]
[BlackElo "2343"]

1.Nf3 Nf6 2.c4 g6 3.d4 Bg7 4.g3 O-O 5.Bg2 d6 6.O-O Nc6 7.Nc3 a6 8.h3 Rb8
9.e4 b5 10.cxb5 axb5 11.e5 dxe5 12.dxe5 Nd7 13.e6 fxe6 14.Bf4 b4 15.Na4 Nce5
16.Nxe5 Nxe5 17.Qe2 Nd3 18.Be3 Ba6 19.Qc2 b3 20.axb3 Nb4 21.Qe4 Bxf1 22.Qxe6+ Kh8
23.Rxf1 Nd3 24.Ba7 Rb4 25.Nc5 Ne5 26.Qa6 Nf3+ 27.Bxf3 Rxf3 28.Ne6 Qd7 29.Bd4 Rxd4
30.Qa8+ Rf8 31.Nxf8 Qd8 32.Qxd8 Rxd8 33.Ne6 Rb8 34.Nxg7 Kxg7 35.Rc1 Rxb3
36.Rxc7 Rxb2 37.Rxe7+ Kg8 38.g4 Rb3 39.Kg2 Rb5 40.Kg3 g5 41.f3 h6 42.h4 Ra5
43.hxg5 hxg5 44.Kf2 Kf8 45.Rd7 Re5 46.Rh7 Kg8 47.Rb7 Kf8 48.Rc7 Kg8 49.Rc4 Kf7
50.Re4 Ra5 51.Re3 Kf6 52.Ke2 Ra2+ 53.Kd3 Ra4 54.Re8 Ra3+ 55.Kd4 Ra4+ 56.Kd5 Ra5+
57.Kc6 Ra3 58.Rf8+ Kg6 59.Rf5 Rd3 60.Kc5 Ra3 61.Kc4 Re3 62.Kd4 Ra3 63.Ke4 Ra4+
64.Ke5 Ra5+ 65.Ke6 Ra6+ 66.Ke7 Ra7+  1/2-1/2

[Event "e2e4 Brighton Masters 2013"]
[Site "Brighton ENG"]
[Date "2013.02.20"]
[Round "8"]
[White "Hanley,C"]
[Black "Cherniaev,A1"]
[Result "1/2-1/2"]
[WhiteElo "2420"]
[BlackElo "2441"]

1.d4 Nf6 2.c4 d6 3.Nf3 g6 4.g3 Bg7 5.Bg2 O-O 6.Nc3 Nc6 7.O-O Rb8 8.h3 a6
9.e4 b5 10.cxb5 axb5 11.e5 dxe5 12.dxe5 Nd7 13.e6 fxe6 14.Be3 b4 15.Ne4 Nf6
16.Nc5 Qxd1 17.Rfxd1 Nd5 18.Bd4 Nxd4 19.Nxd4 Bxd4 20.Rxd4 c6 21.Bf1 Ra8 22.Re4 Ra5
23.Nb3 Ra8 24.Nd4 c5 25.Nb3 Nf6 26.Re5 Bb7 27.Nxc5 Bd5 28.Nxe6 Rfc8 29.Nd4 Kf8
30.a4 bxa3 31.bxa3 Ra4 32.Rd1 Rxa3 33.Nb5 Bf3 34.Rde1 Ra2 35.Rxe7 Re8 36.R1e6 Ba8
37.Rxe8+ Nxe8 38.Re1 Bc6 39.Rc1 Bxb5 40.Bxb5 Ra8 41.Rc6 Rd8 42.Bc4 Rd7 43.Rc8 Rc7
44.Rxc7 Nxc7 45.Kg2 Ne8 46.Kf3 Nd6 47.Bd3 Kg7 48.Ke3 Kf6 49.Kd4 h6 50.Kd5 Nf7
51.Bc2 Ng5 52.h4 Nf7 53.Bd1 g5 54.h5 Ne5 55.Kd6 Nd3 56.f3 g4 57.Kd5 gxf3
58.Bxf3 Ne5 59.Ke4 Nf7  1/2-1/2

[Event "ch-ROU 2013"]
[Site "Baile Olanesti ROU"]
[Date "2013.02.21"]
[Round "8.20"]
[White "Toma,Ra"]
[Black "Lupascu,M"]
[Result "1-0"]
[WhiteElo "2219"]
[BlackElo "2004"]

1.d4 Nf6 2.Nf3 g6 3.g3 Bg7 4.c4 O-O 5.Bg2 d6 6.O-O a6 7.Nc3 Nc6 8.Bf4 Bd7
9.Qd2 Re8 10.Rfd1 Qc8 11.Bg5 Bh3 12.Bh1 e5 13.dxe5 dxe5 14.Bxf6 Bxf6 15.Ng5 Bf5
16.Bd5 Nd8 17.c5 Bg7 18.e4 Bg4 19.f3 Be6 20.Nxe6 Nxe6 21.Bxe6 fxe6 22.Qd3 Qd8
23.c6 Qd4+ 24.Qxd4 exd4 25.Ne2 e5 26.cxb7 Rab8 27.Rac1 Rxb7 28.b3 a5 29.Rc4 Bh6
30.Nc1 Bxc1 31.Rdxc1 Re7 32.Kf2 Kf8 33.Ra4 Rb5 34.Rc6 Ke8 35.Rac4 Rb7 36.R6c5 Ra7
37.Ra4 Kd7 38.Rd5+ Kc6 39.Rc4+ Kb6 40.Rcc5 a4 41.Rb5+ Kc6 42.b4 a3 43.Rxe5 Rxe5
44.Rxe5 Ra4 45.Rc5+ Kb7 46.Rc4 c5 47.Rxc5 Rxb4 48.Ke2 Rb2+ 49.Kd3 Rxa2 50.Ra5 Rf2
51.f4 a2 52.h3 Kb6 53.Ra8 Kb5 54.Kxd4 Kc6 55.Ke5 Rg2 56.g4 Rh2 57.Kf6 Rxh3
58.Rxa2 Re3 59.e5 Re4 60.f5 Rxg4 61.e6 gxf5 62.e7 Re4 63.Rd2  1-0